Verzeichniss der von mir aus dem Orient eingeführten arabischen, persischen, türkischen und sanskrit-bücher, für welche ich um aufträge bitte und gewissenhafte ausführung zusichere : (Record no. 161977)

MARC details
000 -LEADER
campo de control de longitud fija 00975nam a2200229 i 4500
001 - NÚMERO DE CONTROL
campo de control 161977
003 - IDENTIFICADOR DE NÚMERO DE CONTROL
campo de control ES-MaACL
005 - FECHA Y HORA DE LA ÚLTIMA TRANSACCIÓN
campo de control 20250827063227.0
008 - DATOS DE LONGITUD FIJA--INFORMACIÓN GENERAL
campo de control de longitud fija 041025s1878 gw |||| | ger d
040 ## - FUENTE DE CATALOGACIÓN
Centro catalogador/agencia de origen CAM
Lengua de catalogación spa
Centro/agencia transcriptor CAM
100 1# - ENTRADA PRINCIPAL--NOMBRE DE PERSONA
9 (RLIN) 242059
Nombre de persona Perthes, Friedrich Andreas,
Fechas asociadas al nombre 1813-1890
Término indicativo de función/relación Autor
245 10 - MENCIÓN DEL TÍTULO
Título Verzeichniss der von mir aus dem Orient eingeführten arabischen, persischen, türkischen und sanskrit-bücher, für welche ich um aufträge bitte und gewissenhafte ausführung zusichere :
Resto del título catalog nr. 10.
260 ## - PUBLICACIÓN, DISTRIBUCIÓN, ETC.
Lugar de publicación, distribución, etc. Gotha :
Nombre del editor, distribuidor, etc. druck von Friedr. Andr. Perthes,
Fecha de publicación, distribución, etc. [1878]
300 ## - DESCRIPCIÓN FÍSICA
Extensión 53, [2] p. ;
Dimensiones 21 cm.
594 ## - Nota al título y mención de responsabilidad
Nota al título y mención de responsabilidad Tít. tomado de principio del texto.
596 ## - NOTA AL PIE DE IMPRENTA
NOTA AL PIE DE IMPRENTA Fecha de prelim. 1878.
650 07 - PUNTO DE ACCESO ADICIONAL DE MATERIA--TÉRMINO DE MATERIA
Término de materia o nombre geográfico como elemento de entrada Libros-
Subdivisión geográfica Asia-
Subdivisión de forma Catálogos
Fuente del encabezamiento o término
9 (RLIN) 136414
852 ## - LOCALIZACIÓN
Ubicación ES-MaACL
Número de control de estantería T-426-F-11
Nota libre -- Enc. hol.
condición física -- Falto de la cub. original
Nota libre -- Enc. en un vol. facticio
942 ## - ELEMENTOS DE ENTRADA SECUNDARIOS (KOHA)
Fuente del sistema de clasificación o colocación Clasificación decimal universal
Tipo de ítem Koha Libro impreso antiguo
Suprimir en OPAC No
Holdings
Estatus retirado Estado de pérdida Estado de daño No para préstamo Colección Biblioteca de origen Biblioteca actual Ubicación en estantería Fecha de adquisición Total de préstamos Signatura topográfica completa Código de barras Visto por última vez Precio de reemplazo Tipo de ítem Koha
        Colección de folletos Biblioteca del Ateneo de Madrid Biblioteca del Ateneo de Madrid Depósito folletos 17/01/2008   T-426-F-11 1169676 23/02/2023 23/02/2023 Folleto